000 00420nam a22001697a 4500
003 CEME
005 20210628210705.0
008 210211b xxu||||| |||| 00| 0 eng d
020 _a0-7494-3046-X
040 _c.
082 _a371.3 TWO
100 _aRace, Phil
_978462
245 _a2000 tips for lecturers
260 _aLONDON
_bKOGAN PAGE
_c1999
650 _aTWO THOUSAND TIPS-LECTURERS
_980568
942 _cBK
_2ddc
999 _c585478
_d585478